Gesang des Lebens; (Record no. 33318)

MARC details
000 -LEADER
fixed length control field 00509cam a22002051 4500
001 - CONTROL NUMBER
control field he 68001456
003 - CONTROL NUMBER IDENTIFIER
control field DLC
005 - DATE AND TIME OF LATEST TRANSACTION
control field 20260227111458.0
008 - FIXED-LENGTH DATA ELEMENTS--GENERAL INFORMATION
fixed length control field 861104s1964 is 000 0 ger
010 ## - LIBRARY OF CONGRESS CONTROL NUMBER
LC control number he 68001456
025 ## - OVERSEAS ACQUISITION NUMBER
Overseas acquisition number PL480:Is-6517
035 ## - SYSTEM CONTROL NUMBER
System control number (OCoLC)14631737
040 ## - CATALOGING SOURCE
Original cataloging agency DLC
Transcribing agency CLU
Modifying agency DLC
042 ## - AUTHENTICATION CODE
Authentication code premarc
050 00 - LIBRARY OF CONGRESS CALL NUMBER
Classification number PT2668.E2
Item number G4
100 1# - MAIN ENTRY--PERSONAL NAME
Personal name Hebel, Frieda.
245 10 - TITLE STATEMENT
Title Gesang des Lebens;
Remainder of title Gedichte.
260 ## - PUBLICATION, DISTRIBUTION, ETC.
Place of publication, distribution, etc. Tel Aviv,
Name of publisher, distributor, etc. Simson Verlag,
Date of publication, distribution, etc. 1964.
300 ## - PHYSICAL DESCRIPTION
Extent 62 p.
Dimensions 28 cm.

No items available.

Powered by Koha